|
|
|
|
| LEADER |
00645nab a2200193 i 4500 |
| 001 |
publ21218 |
| 005 |
20210419094230.0 |
| 008 |
210419s2019 hu o 0|| zxx d |
| 022 |
|
|
|a 0016-237X
|
| 024 |
7 |
|
|a 31890274
|2 mtmt
|
| 040 |
|
|
|a SZTE Publicatio Repozitórium
|b hun
|
| 041 |
|
|
|a zxx
|
| 100 |
1 |
|
|a Perényi Ádám
|
| 245 |
1 |
2 |
|a A bakteriális külső hallójárat-gyulladás kezelése
|h [elektronikus dokumentum] /
|c Perényi Ádám
|
| 260 |
|
|
|c 2019
|
| 300 |
|
|
|a 42-43
|
| 490 |
0 |
|
|a FÜL-ORR-GÉGEGYÓGYÁSZAT
|v 65 No. 1
|
| 700 |
0 |
1 |
|a Bella Zsolt
|e aut
|
| 856 |
4 |
0 |
|u http://publicatio.bibl.u-szeged.hu/21218/1/Skonyvtar21041611310.pdf
|z Dokumentum-elérés
|